Osmanlı İmparatorluğu’nda doğal afetler : (Record no. 14978)

MARC details
000 -BAŞLIK
Sabit Uzunlukta Kontrol Alanı 00929nam a22002537a 4500
999 ## - SİSTEM KONTROL NUMARALARI (KOHA)
Koha Biblionumber 14978
Koha Biblioitemnumber 14978
003 - KONTROL NUMARASI IDENTIFIER
Denetim Alanı MIRAKIL
005 - SON İŞLEM TARİHİ VE ZAMANI
Denetim Alanı 20220901133122.0
008 - SABİT-BOY VERİ ELEMANLARI - GENEL BİLGİLER
Sabit Uzunlukta Kontrol Alanı 220901b tu ||||| |||| 00| 0 tur d
020 ## - ULUSLARARASI STANDART KİTAP NUMARASI
Uluslararası Standart Kitap Numarası 9786254051081
040 ## - KATALOGLAMA KAYNAK
Orijinal Kataloglama Ajansı TR-AnCHP
Metne Dönüştürmek Ajansı TR-AnCHP
041 ## - DİL KODU
Metin / Ses Parça Veya Ayrı Başlığın Dil Kodu Tur
082 ## - DEWEY ONLU SINIFLANDIRMA NUMARASI
Sınıflandırma Numarası 956.1015
Ürün Numarası A92o 2020
100 ## - ANA GİRİŞ - KİŞİSEL İSİM
Kişisel Ad Ayalon, Yaron
245 10 - BAŞLIK TABLOSU
Başlık Osmanlı İmparatorluğu’nda doğal afetler :
Başlığın Kalan veba, kıtlık ve diğer felaketler/
Sorumluluk Tablosu, Vb Yaron Ayalon ; çeviren: Zeynep Rona
246 ## - UNVAN FORM VARYING
Başlık Doğru / Kısa Başlığı veba, kıtlık ve diğer felaketler
260 ## - YAYIN, DAĞITIM, VB
Yayın, Dağıtım, Vb Yeri İstanbul :
Yayıncı, Dağıtıcı, Vs Adı Türkiye İş Bankası Kültür Yayınları,
Yayın, Dağıtım, Vb Tarihi 2020.
300 ## - FİZİKSEL TANIM
Kapsam xıv, 306 s.:
Boyutlar 23 sm.
490 0# - SERİSİ TABLOSU
Seri Beyanı Türkiye İş Bankası Kültür Yayınları;
Hacim / Ardışık Tanımı Genel yayın: 4936
504 ## - KAYNAKÇA VB NOT
Kaynakça Vb Notu Kaynakça ve dizin vardır.
650 #0 - KONU KATMA GİRİŞ - TOPİKAL DÖNEM
9 (RLIN) 710
Topikal Süreli Veya Coğrafi Ad Giriş Elemanı Osmanlı İmparatorluğu
Genel Alt Bölümü Doğal afetler
700 ## - KATMA GİRİŞ - KİŞİSEL İSİM
9 (RLIN) 7169
Kişisel Ad Rona, Zeynep
Relator Terim çev.
740 ## - KATMA GİRİŞ - KONTROLSUZ İLGİLİ / ANALİTİK BAŞLIK
Kontrol Edilmeyen / İlgili Analitik Başlıktaki veba, kıtlık ve diğer felaketler
942 ## - EKLENDİ GİRİŞ ELEMANLARI (KOHA)
Sınıflandırma Veya Raf Düzeni Kaynak Dewey Decimal Classification
Koha Öğesi Türü Books
Holdings
Kalıcı Konum Mevcut Konum Edinme Tarihi Toplam Check-Out'Lar Tam Çağrı Numarası Barkod Tarih Son Görülme İtibaren Geçerli Fiyatlar Koha Öğesi Türü
CHP Kütüphanesi CHP Kütüphanesi 09/01/2022   956.1015 A92o 2020 020513 09/01/2022 09/01/2022 Books